Самообучающее программированное пособие по латинскому языку. Ч. 1. Вып. 2. Занятия 10-19 (Запись № 9843570)

Подробности
000 -МАРКЕР
контрольное поле 01482nam2a22002531 4500
001 - ИДЕНТИФИКАТОР ЗАПИСИ
контрольное поле rc\3685270
005 - ИДЕНТИФИКАТОР ВЕРСИИ
контрольное поле 20260407083702.0
021 ## - НОМЕР ГОСУДАРСТВЕННОЙ РЕГИСТРАЦИИ
Код страны Российская Федерация
Номер [76-6389]
035 ## - ДРУГИЕ СИСТЕМНЫЕ НОМЕРА
Идентификатор записи (NLR Aleph) 007847515
100 ## - ДАННЫЕ ОБЩЕЙ ОБРАБОТКИ
Данные общей обработки 20130115g19741975|||y0rusy50 ca
101 0# - ЯЗЫК РЕСУРСА
Язык текста, звукозаписи и т.д. русский
102 ## - СТРАНА ПУБЛИКАЦИИ ИЛИ ПРОИЗВОДСТВА
Страна публикации Российская Федерация
105 ## - ПОЛЕ КОДИРОВАННЫХ ДАННЫХ: ТЕКСТОВЫЕ МАТЕРИАЛЫ, МОНОГРАФИЧЕСКИЕ
Кодированные данные о монографическом текстовом документе y z |||||
200 0# - ЗАГЛАВИЕ И СВЕДЕНИЯ ОБ ОТВЕТСТВЕННОСТИ
Основное заглавие Ч. 1. Вып. 2. Занятия 10-19
Первые сведения об ответственности [Сост. доц. С.М. Кац]
Последующие сведения об ответственности Кубан. мед. ин-т им. Красной Армии
210 ## - ПУБЛИКАЦИЯ, РАСПРОСТРАНЕНИЕ И ДР.
Дата издания, распространения и т.д. 1974 (вып. дан. 1975)
Место издания, распространения и т.д. Б. м.
215 ## - ФИЗИЧЕСКАЯ ХАРАКТЕРИСТИКА
Специфическое обозначение материала и объем 132 с.
461 #0 - УРОВЕНЬ НАБОРА
Встроенное поле 001rc\3685268
-- 2001#$aСамообучающее программированное пособие по латинскому языку$fМ-во здрав. РСФСР. Кубан. мед. ин-т им. Красной Армии$vЧ. 1. Вып. 2. Занятия 10-19
-- 700#1$aКац$bС.М.$4220
Системный номер (АБИС) связанной записи 9843560
Автор Кац, С.М.
Место публикации Краснодар
Дата публикации 1974
Издание 2-е изд., перераб. Ч. 1-
Первые сведения об ответственности М-во здрав. РСФСР. Кубан. мед. ин-т им. Красной Армии
Имя издателя, распространителя и т.д. Б. и.
Заглавие Самообучающее программированное пособие по латинскому языку
Номер тома Ч. 1. Вып. 2. Занятия 10-19
712 02 - НАИМЕНОВАНИЕ ОРГАНИЗАЦИИ - ВТОРИЧНАЯ ОТВЕТСТВЕННОСТЬ
Начальный элемент ввода Кубанский медицинский институт им. Красной Армии
Идентифицирующий признак Краснодар
Системный номер авторитетной/нормативной записи 294391
Идентификатор авторитетной/нормативной записи RU\NLR\AUTH\8810881
801 #0 - ИСТОЧНИК ЗАПИСИ
Страна Российская Федерация
Организация NLR
Правила каталогизации psbo
801 #1 - ИСТОЧНИК ЗАПИСИ
Страна Российская Федерация
Организация ELAR
Источник данных rusmarc
852 ## - МЕСТОНАХОЖДЕНИЕ И ШИФР ХРАНЕНИЯ
Идентификатор организации NLR
Шифр хранения (Call Number) 76-3/3098
942 ## - ДОПОЛНИТЕЛЬНЫЕ ЭЛЕМЕНТЫ ЗАПИСИ (АБИС)
Тип экземпляра АБИС Книга
980 ## - КОЛЛЕКЦИЯ
Название коллекции Национальная библиография
Экземпляры
Тип экземпляра Дата поступления Библиотека постоянного хранения Библиотека текущего хранения Место хранения Шифр хранения Штрих-код Статус экземпляра
Книга 26.10.2013 РНБ (Московский) РНБ (Московский) Русский книжный фонд: издания с 1957 года 76-3/3098 1-4595890